Využitie aktívneho uhlia v úprave vody
Saved in:
| Main Author: | |
|---|---|
| Other Authors: | |
| Format: | Manuscript Book |
| Language: | Slovak |
| Published: |
2016
|
| Subjects: | |
| Online Access: | http://is.stuba.sk/zp/portal_zp.pl?podrobnosti=117421 https://opac.crzp.sk/?fn=detailBiblioForm&sid=FFEED6484134604A3C77A8B88729 |
| Tags: |
No Tags, Be the first to tag this record!
|
MARC
| LEADER | 00000ntm a22000003a 4500 | ||
|---|---|---|---|
| 001 | stuzp57380 | ||
| 003 | SK-STU | ||
| 005 | 20230822123327.1 | ||
| 007 | ta | ||
| 008 | 150427s2015----xo-----f-mn---000-0-slo-d | ||
| 040 | |a STU |b slo | ||
| 041 | 0 | |a slo | |
| 100 | 1 | |a Balogová, Zuzana |u 010280 |4 aut |U SvF Stavebná fakulta |T SvF Katedra zdravotného inžinierstva |X 9270 |U V280 |Y 29 |7 A000009270 | |
| 242 | 0 | 1 | |a The use of activated carbon in water treatment |y eng |
| 245 | 1 | 0 | |a Využitie aktívneho uhlia v úprave vody |
| 260 | |c 2016 | ||
| 650 | 4 | |a pitná voda |2 slo | |
| 650 | 4 | |a aktívne uhlie |2 slo | |
| 650 | 4 | |a adsorpcia |2 slo | |
| 650 | 4 | |a adsorption |2 eng | |
| 650 | 4 | |a activated carbon |2 eng | |
| 650 | 4 | |a drinking water |2 eng | |
| 700 | 1 | |a Barloková, Danka |u 010280 |k Z1 |4 ths |U SvF Stavebná fakulta |T SvF Katedra zdravotného inžinierstva |X 1014 |U V280 |Y 29 |7 A000001014 | |
| 856 | 4 | |u http://is.stuba.sk/zp/portal_zp.pl?podrobnosti=117421 | |
| 856 | 4 | |u https://opac.crzp.sk/?fn=detailBiblioForm&sid=FFEED6484134604A3C77A8B88729 | |
| SQL | |a stuzp57380 |b DDP |c SLO |d Využitie aktívneho uhlia v úprave vody |e 9270 |f Balogová, Zuzana |g 010280 |h 1014 |i Barloková, Danka |j 20160617 |k 946 |l 01 |m http://is.stuba.sk/zp/portal_zp.pl?podrobnosti=117421 |n I-SNOU |o 5.1.6. vodné stavby | ||